Factional politics in post-Khomeini Iran / (Record no. 10741)
[ view plain ]
| 000 -LEADER | |
|---|---|
| fixed length control field | 01728cam a22003374a 4500 |
| 090 ## - LOCALLY ASSIGNED LC-TYPE CALL NUMBER (OCLC); LOCAL CALL NUMBER (OCLC) | |
| -- | 0 |
| 001 - CONTROL NUMBER | |
| control field | 12783678 |
| 005 - DATE AND TIME OF LATEST TRANSACTION | |
| control field | 20030326155057.0 |
| 008 - FIXED-LENGTH DATA ELEMENTS--GENERAL INFORMATION | |
| fixed length control field | 020521s2002 nyu b s001 0 eng |
| 010 ## - LIBRARY OF CONGRESS CONTROL NUMBER | |
| LC control number | 2002008073 |
| 020 ## - INTERNATIONAL STANDARD BOOK NUMBER | |
| International Standard Book Number | 0815629788 |
| 040 ## - CATALOGING SOURCE | |
| Original cataloging agency | DLC |
| Transcribing agency | DLC |
| 042 ## - AUTHENTICATION CODE | |
| Authentication code | pcc |
| 043 ## - GEOGRAPHIC AREA CODE | |
| Geographic area code | a-ir--- |
| 050 00 - LIBRARY OF CONGRESS CALL NUMBER | |
| Classification number | DS318.825 |
| Item number | .M67 2002 |
| 082 00 - DEWEY DECIMAL CLASSIFICATION NUMBER | |
| Classification number | 320.955 |
| Edition number | 21 |
| Item number | MOS |
| 100 1# - MAIN ENTRY--PERSONAL NAME | |
| Personal name | Moslem, Mehdi. |
| 245 10 - TITLE STATEMENT | |
| Title | Factional politics in post-Khomeini Iran / |
| Statement of responsibility, etc | Mehdi Moslem. |
| 250 ## - EDITION STATEMENT | |
| Edition statement | 1st ed. |
| 260 ## - PUBLICATION, DISTRIBUTION, ETC. (IMPRINT) | |
| Place of publication, distribution, etc | Syracuse : |
| Name of publisher, distributor, etc | Syracuse University Press, |
| Date of publication, distribution, etc | 2002. |
| 300 ## - PHYSICAL DESCRIPTION | |
| Extent | xi, 366 p. ; |
| Dimensions | 23 cm. |
| 440 #0 - | |
| -- | Modern intellectual and political history of the Middle East |
| 504 ## - BIBLIOGRAPHY, ETC. NOTE | |
| Bibliography, etc | Includes bibliographical references (p. 335-341) and index. |
| 505 0# - FORMATTED CONTENTS NOTE | |
| Formatted contents note | The Islamic state in Iran : from theory to reality -- Factional politics in Khomeini's era -- Factions in post-Khomeini Iran : renditions and sources -- The ascension of Rafsanjani, the alliance of the two rights, and the demise of the left -- The split of the two rights and the alliance of the left with the modern right -- Factional politics under Khatami : civil society versus guardianship society -- Conclusion. |
| 650 #0 - SUBJECT ADDED ENTRY--TOPICAL TERM | |
| Topical term or geographic name as entry element | Islam and politics |
| Geographic subdivision | Iran. |
| 651 #0 - SUBJECT ADDED ENTRY--GEOGRAPHIC NAME | |
| Geographic name | Iran |
| General subdivision | Politics and government |
| Chronological subdivision | 1979-1997. |
| 651 #0 - SUBJECT ADDED ENTRY--GEOGRAPHIC NAME | |
| Geographic name | Iran |
| General subdivision | Politics and government |
| Chronological subdivision | 1997- |
| 942 ## - ADDED ENTRY ELEMENTS (KOHA) | |
| Source of classification or shelving scheme | Dewey Decimal Classification |
| Item type | Book - Borrowing |
| Withdrawn status | Item status | Source of classification or shelving scheme | Damaged status | Not for loan | Vendor | Home library | Current library | Shelving location | Date acquired | Source of acquisition | Cost, normal purchase price | Serial Enumeration / chronology | Total Checkouts | Total Renewals | Full call number | Barcode | Date last seen | Date last borrowed | Koha item type |
|---|---|---|---|---|---|---|---|---|---|---|---|---|---|---|---|---|---|---|---|
| Dewey Decimal Classification | Alahram | Central Library | Central Library | First floor | 08/02/2009 | 299.40 | 6396 | 6 | 75 | 320.955 MOS | 000014710 | 15/07/2025 | 15/10/2024 | Book - Borrowing |